Statistics for Canine or Feline #2

Click here to take the quiz!

General Stats

  • This quiz has been taken 62 times
    (39 since last reset)
  • The average score is 9 of 12

Answer Stats

QuestionAnswer% Correct
ChihuahuaCanine
97%
JaguarFeline
97%
LigerFeline
93%
PomeranianCanine
90%
PantherFeline
90%
MongooseNeither
83%
Tasmanian DevilNeither
80%
BearNeither
77%
ServalFeline
73%
BirmanFeline
43%
AzawakhCanine
40%
HyenaNeither
33%

Score Distribution

Percentile by Number Answered

Percent of People with Each Score

Your Score History

You have not taken this quiz since the last reset